Statistics for Movie Character by Picture #5

Click here to take the quiz!

General Stats

  • This quiz has been taken 63 times
  • The average score is 8 of 16

Answer Stats

Answer% Correct
Woody
90%
Wonder Woman
86%
Black Panther
74%
Wednesday Addams
69%
Remy
62%
Ace Ventura
60%
Neo
60%
Tow Mater
52%
Dorothy Gale
43%
Leatherface
40%
Axel Foley
36%
Inigo Montoya
33%
Edna Mode
31%
Tony Montana
31%
Jordan Belfort
26%
Captain Miller
7%

Score Distribution

Percentile by Number Answered

Percent of People with Each Score

Your Score History

You have not taken this quiz